000 00440nam a2200145Ia 4500
008 231129s2004||||xx |||||||||||||| ||spa||
020 _a958-96176-5-4
040 _bspa
082 _a633.58 C346g
100 _aCastano Nieto Francisco
245 0 _aGuadua para todos: cultivo y aprovechamiento
260 _c2004
264 _aBogotá (Colombia) : Carder ; Proyecto U.T.P. - GTZ
942 _2ddc
_cBKS
999 _c14671
_d14671